00233nam a2200085Ia 4500001000800000005001700008008004100025245005500066260002600121125369020251031150958.0251031s9999 xx 000 0 und d 0cAYTÜL AKALaX-1 BEN NE ZAMAN BÜYÜYECEĞİM bUÇANBALIK YAYINLARI